000 01600cad a22002535a 4500
001 E148099
008 090723s2009 xxk f f000 0 eng d
020 _a9781409817086
035 _a(Sirsi) u148099
041 0 _aeng
050 0 4 _a306.1 $2 18
110 2 _aUnited Kingdom
_bDepartment for Communities and Local Government
_94939
245 0 0 _aReform of council housing finance
_bconsultation
_h[electronic resource]
260 _aLondon
_bDCLG
_c2009
505 2 _aForeword -- Scope of the consultation -- Basic information -- Background -- Consultation criteria -- Executive summary -- Section 1 The review -- Section 2 The current housing finance system -- Section 3 Costs and standards of council housing in future -- Section 4 Options for fundamental reform of the system -- Section 5 Implementing reforms -- Appendices
520 _aSeeks views on government plans to replace the current Housing Revenue Account subsidy system with a devolved system of self-financing for local authorities, which would require a one-off allocation of housing debt, following which councils would be able to keep all their rental income. Another option involves the retention and improvement of the current system.
520 _aDeadline for comments is 27 October 2009.
521 _aAdvanced
590 _aKA
651 4 _aEngland
_y886-
690 _aPROPERTY-RESIDENTIAL PROPERTY-DOMESTIC RESIDENTIAL PROPERTY-HOUSING
856 4 0 _uhttps://www.communities.gov.uk/publications/housing/councilhousingconsultation
_zView the consultation free of charge at www.communities.gov.uk...
942 _n0
999 _c109878
_d109878